[Event "Benidorm op-A"]
[Site "Benidorm"]
[Date "2022.12.11"]
[Round "9"]
[White "O'Neill Y Daneiko, Jose Antonio"]
[Black "Palomo Teruel, Xavier"]
[Result "0-1"]
[WhiteElo "1952"]
[BlackElo "2038"]
[PlyCount "70"]
[EventDate "2022.12.03"]
[EventType "swiss"]
[EventRounds "9"]
[EventCountry "ESP"]
[SourceTitle "CBM 211 Extra"]
[Source "ChessBase"]
[SourceDate "2023.01.31"]
[SourceVersion "1"]
[SourceVersionDate "2023.01.31"]
[SourceQuality "1"]

1. c4 Nf6 2. Nc3 g6 3. e4 e5 4. Nf3 Bg7 5. d4 exd4 6. Nxd4 0-0 7. Be2 c6 8. Nc2 Re8 9. f3 d5 10. cxd5 cxd5 11. Nxd5 Nxd5 12. Qxd5 Qe7 13. 0-0 Be6 14. Qd3 Nc6 15. Qa3 Nd4 16. Bd3 Qc7 17. Rf2 Nxc2 18. Rxc2 Qb6+ 19. Kh1 Rac8 20. Re2 Bd4 21. Bf4 Red8 22. Rc1 Bc5 23. Qa4 Rxd3 24. Rec2 Bd7 25. Qc4 Bb5 26. Qxd3 Bxd3 27. Rc3 Qxb2 28. Rxd3 b6 29. Bh6 Re8 30. Rcd1 Bf8 31. Bc1 Qxa2 32. h4 h6 33. Rd8 Rxd8 34. Rxd8 Qa1 35. Rc8 Kg7 0-1

[Event "Valencia Region-ch"]
[Site "Valencia"]
[Date "2016.11.05"]
[Round "5"]
[White "O'Neill Y Daneiko, Jose Antonio"]
[Black "Gimenez Menchon, Cesar"]
[Result "0-1"]
[WhiteElo "2106"]
[BlackElo "2135"]
[PlyCount "48"]
[EventDate "2016.10.01"]
[EventType "swiss"]
[EventRounds "7"]
[EventCountry "ESP"]
[SourceTitle "EXT 2024"]
[Source "ChessBase"]
[SourceDate "2023.10.10"]
[SourceVersion "1"]
[SourceVersionDate "2023.10.10"]
[SourceQuality "1"]

1. d4 d5 2. c4 e6 3. Nc3 Be7 4. cxd5 exd5 5. Nf3 c6 6. Qc2 Bg4 7. Ne5 Bh5 8. Qf5 Bg6 9. Nxg6 hxg6 10. Qc2 Qb6 11. Qb3 Qxb3 12. axb3 Rh4 13. g3 Rxd4 14. Be3 Rb4 15. Rxa7 Rxa7 16. Bxa7 Nd7 17. Kd2 b6 18. Bg2 Ngf6 19. Kc2 Kd8 20. Rd1 Kc7 21. Bxd5 Nxd5 22. Rxd5 cxd5 23. Nxd5+ Kb7 24. Nxb4 Bxb4 0-1

[Event "Alzira Christmas 5th"]
[Site "Alzira"]
[Date "2015.12.28"]
[Round "3.8"]
[White "O'Neill Y Daneiko, Jose Antonio"]
[Black "Martinez Gil, Joaquin"]
[Result "1-0"]
[WhiteElo "2130"]
[BlackElo "1901"]
[PlyCount "45"]
[EventDate "2015.12.28"]
[EventType "swiss"]
[EventRounds "7"]
[EventCountry "ESP"]
[SourceTitle "EXT 2024"]
[Source "ChessBase"]
[SourceDate "2023.10.10"]
[SourceVersion "1"]
[SourceVersionDate "2023.10.10"]
[SourceQuality "1"]

1. e4 e6 2. d4 d5 3. Nd2 Nf6 4. e5 Nfd7 5. Bd3 c5 6. c3 Nc6 7. Ne2 cxd4 8. cxd4 f6 9. exf6 Nxf6 10. 0-0 Bd6 11. Nf3 0-0 12. Bf4 Ne4 13. Be5 Rxf3 14. gxf3 Ng5 15. f4 Bxe5 16. fxe5 Nh3+ 17. Kg2 Qh4 18. f4 g5 19. Qe1 Qh5 20. fxg5 Nxg5 21. Qg3 Bd7 22. Nf4 Qh6 23. h4 1-0

[Event "Quart de Poblet op 2nd"]
[Site "Quart de Poblet"]
[Date "2014.07.19"]
[Round "2"]
[White "Perez Mas, Jose Manuel"]
[Black "O'Neill Y Daneiko, Jose Antonio"]
[Result "0-1"]
[WhiteElo "1859"]
[BlackElo "2116"]
[PlyCount "76"]
[EventDate "2014.07.19"]
[EventType "swiss"]
[EventRounds "7"]
[EventCountry "ESP"]
[SourceTitle "CBM 161 Extra"]
[Source "ChessBase"]
[SourceDate "2014.08.29"]
[SourceVersion "1"]
[SourceVersionDate "2014.08.29"]
[SourceQuality "1"]

1. e4 Nf6 2. Nc3 d5 3. e5 Nfd7 4. d4 c5 5. dxc5 e6 6. Nf3 Nc6 7. Bb5 Bxc5 8. 0-0 0-0 9. Bxc6 bxc6 10. Na4 Be7 11. Re1 Qc7 12. Bf4 a5 13. b3 c5 14. c3 Rd8 15. Qc2 h6 16. Nb2 Nf8 17. g4 g5 18. Bg3 Ng6 19. Nd1 Bb7 20. Nd2 Bf8 21. c4 Bg7 22. cxd5 Rxd5 23. Nc3 Rxe5 24. Nce4 Nf4 25. Rac1 Rd8 26. Nc4 Rxe4 27. Rxe4 Bxe4 28. Qxe4 Rd4 29. Qa8+ Kh7 30. Re1 a4 31. Qf3 axb3 32. axb3 Qd7 33. Bxf4 Rxf4 34. Qe2 Qd5 35. Qc2+ Kg8 36. h3 Bd4 37. Ne3 Qf3 38. Rf1 Bxe3 0-1

[Event "Benidorm op U2300 10th"]
[Site "Benidorm"]
[Date "2011.12.09"]
[Round "9"]
[White "Parligras, Cosmin"]
[Black "O'Neill Y Daneiko, Jose Antonio"]
[Result "1/2-1/2"]
[WhiteElo "2251"]
[BlackElo "2091"]
[PlyCount "60"]
[EventDate "2011.12.02"]
[EventType "swiss"]
[EventRounds "10"]
[EventCountry "ESP"]
[SourceTitle "CBM 145 Extra"]
[Source "ChessBase"]
[SourceDate "2012.01.03"]
[SourceVersion "1"]
[SourceVersionDate "2012.01.03"]
[SourceQuality "1"]

1. e4 Nf6 2. e5 Nd5 3. d4 d6 4. Nf3 g6 5. c4 Nb6 6. exd6 cxd6 7. Be3 Bg7 8. Qd2 0-0 9. Bh6 e5 10. Bxg7 Kxg7 11. dxe5 dxe5 12. Be2 Qxd2+ 13. Nbxd2 Nc6 14. 0-0 f5 15. Rac1 e4 16. Ne1 Nd4 17. Bd1 Be6 18. b3 Rac8 19. Nc2 Rfd8 20. Nb1 Nxc2 21. Bxc2 Nd7 22. f3 exf3 23. Rxf3 Nf6 24. Re3 Bd7 25. Bd1 Bc6 26. Bf3 Bxf3 27. gxf3 Kf7 28. Rce1 Re8 29. Kf2 Rxe3 30. Rxe3 Rd8 1/2-1/2

[Event "Provincial-ch Alicante"]
[Site "Valencia Elche"]
[Date "2011.10.22"]
[Round "2.7"]
[White "O'Neill Y Daneiko, Jose Antonio"]
[Black "Vieito Soria, Luis Maria"]
[Result "1-0"]
[WhiteElo "2091"]
[BlackElo "1930"]
[PlyCount "93"]
[EventDate "2011.10.01"]
[EventType "swiss"]
[EventRounds "7"]
[EventCountry "ESP"]
[SourceTitle "EXT 2024"]
[Source "ChessBase"]
[SourceDate "2023.10.10"]
[SourceVersion "1"]
[SourceVersionDate "2023.10.10"]
[SourceQuality "1"]

1. e4 e6 2. d4 d5 3. Nc3 dxe4 4. Nxe4 Nd7 5. Nf3 Ngf6 6. Nxf6+ Nxf6 7. Bd3 c5 8. 0-0 Qc7 9. Qe2 a6 10. Re1 cxd4 11. Nxd4 Bc5 12. Nb3 Bd6 13. h3 Bd7 14. c4 Bc6 15. Bd2 b6 16. Rac1 Bh2+ 17. Kh1 Bf4 18. Nd4 Bxd2 19. Qxd2 Rd8 20. Nxc6 Qxc6 21. Rc3 h5 22. Qg5 Rd4 23. Qe5 Rd6 24. c5 Rd5 25. Qb8+ Rd8 26. Qxb6 Qxb6 27. cxb6 Nd5 28. Rb3 Nxb6 29. Bxa6 Nd5 30. Bb5+ Ke7 31. Bc4 g5 32. Rb7+ Kf6 33. Bxd5 Rxd5 34. Re2 g4 35. h4 Rc8 36. b4 Rc4 37. Kh2 Rdd4 38. Rb2 g3+ 39. fxg3 Rd1 40. Rf2+ Ke5 41. Rb5+ Kd6 42. Rxh5 Rcc1 43. Kh3 f5 44. g4 Rc4 45. gxf5 Rh1+ 46. Kg3 exf5 47. Rfxf5 1-0

[Event "Provincial-ch Alicante"]
[Site "Valencia Elche"]
[Date "2011.10.01"]
[Round "1.8"]
[White "Tortosa Gomez, Alberto J"]
[Black "O'Neill Y Daneiko, Jose Antonio"]
[Result "0-1"]
[WhiteElo "1884"]
[BlackElo "2091"]
[PlyCount "118"]
[EventDate "2011.10.01"]
[EventType "swiss"]
[EventRounds "7"]
[EventCountry "ESP"]
[SourceTitle "EXT 2024"]
[Source "ChessBase"]
[SourceDate "2023.10.10"]
[SourceVersion "1"]
[SourceVersionDate "2023.10.10"]
[SourceQuality "1"]

1. e4 Nf6 2. Nc3 d5 3. e5 Nfd7 4. Nxd5 Nxe5 5. Ne3 c5 6. Nf3 Nbc6 7. Nxe5 Nxe5 8. Nc4 Nc6 9. b3 e5 10. Bb2 f6 11. Be2 Be7 12. Bh5+ g6 13. Bf3 Nd4 14. Bxd4 cxd4 15. h4 0-0 16. h5 g5 17. Qe2 Rb8 18. Qe4 Be6 19. h6 b5 20. Nb2 Qd7 21. d3 Bb4+ 22. Kf1 Rfc8 23. Bd1 Bd5 24. Qe2 Ba3 25. Rb1 Qc6 26. Qg4 Rc7 27. Bf3 Bxf3 28. Qxf3 Qxf3 29. gxf3 Rxc2 30. Nd1 Rxa2 31. b4 Rc8 32. Kg2 Rc6 33. Kg3 Ra6 34. Kg4 Ra4 35. Kf5 Kf7 36. f4 exf4 37. Re1 Rxb4 38. Rxb4 Bxb4 39. Re6 Be7 40. f3 Rd2 41. Re1 Rxd3 42. Kg4 Rd2 43. Kf5 a5 44. Rf1 Re2 45. Nf2 Re5+ 46. Kg4 Kg6 47. Nd3 f5+ 48. Kh3 Re3 49. Nb2 g4+ 50. Kg2 Re2+ 51. Rf2 Rxf2+ 52. Kxf2 g3+ 53. Kg2 a4 54. Nd3 Bd6 55. Kh3 a3 56. Kh4 a2 57. Kh3 a1Q 58. Nf2 Qf1+ 59. Kh4 Qxf2 0-1

[Event "Valenciana Comunity op"]
[Site "L'Alfas del Pi"]
[Date "2011.06.19"]
[Round "7"]
[White "Sanchez Barbado, Carlos"]
[Black "O'Neill Y Daneiko, Jose Antonio"]
[Result "1/2-1/2"]
[WhiteElo "2196"]
[BlackElo "2132"]
[PlyCount "58"]
[EventDate "2011.06.11"]
[EventType "swiss"]
[EventRounds "7"]
[EventCountry "ESP"]
[SourceTitle "EXT 2013"]
[Source "ChessBase"]
[SourceDate "2012.11.22"]
[SourceVersion "1"]
[SourceVersionDate "2012.11.22"]
[SourceQuality "1"]

1. e4 Nf6 2. e5 Nd5 3. d4 d6 4. c4 Nb6 5. exd6 cxd6 6. Nc3 g6 7. Be3 Bg7 8. Rc1 0-0 9. b3 e5 10. dxe5 dxe5 11. Qxd8 Rxd8 12. c5 N6d7 13. Bc4 Nc6 14. Nf3 h6 15. 0-0 Nf8 16. Rfd1 Be6 17. Nd5 Rac8 18. b4 Kh7 19. Bb3 Bxd5 20. Bxd5 Nd4 21. Bxb7 Ne2+ 22. Kf1 Nxc1 23. Rxc1 Rc7 24. c6 Ne6 25. Bxa7 e4 26. Ne1 Bd4 27. Bxd4 Rxd4 28. Nc2 Rc4 29. b5 Nd8 1/2-1/2

[Event "Valenciana Comunity op"]
[Site "L'Alfas del Pi"]
[Date "2011.06.12"]
[Round "3"]
[White "Vieito Soria, Luis Maria"]
[Black "O'Neill Y Daneiko, Jose Antonio"]
[Result "1-0"]
[WhiteElo "1892"]
[BlackElo "2132"]
[PlyCount "29"]
[EventDate "2011.06.11"]
[EventType "swiss"]
[EventRounds "7"]
[EventCountry "ESP"]
[SourceTitle "EXT 2013"]
[Source "ChessBase"]
[SourceDate "2012.11.22"]
[SourceVersion "1"]
[SourceVersionDate "2012.11.22"]
[SourceQuality "1"]

1. Nf3 Nc6 2. e4 e5 3. Bb5 a6 4. Ba4 Nf6 5. 0-0 b5 6. Bb3 Bc5 7. c3 d6 8. d4 Bb6 9. dxe5 dxe5 10. Qxd8+ Nxd8 11. Nxe5 Bb7 12. Bg5 0-0 13. Bxf6 gxf6 14. Nd7 Bxe4 15. Nxf6+ 1-0

[Event "Mislata op-A"]
[Site "Mislata"]
[Date "2010.08.20"]
[Round "7"]
[White "O'Neill Y Daneiko, Jose Antonio"]
[Black "Gimeno Martos, Roberto"]
[Result "1/2-1/2"]
[WhiteElo "2102"]
[BlackElo "2135"]
[PlyCount "35"]
[EventDate "2010.08.16"]
[EventType "swiss"]
[EventRounds "9"]
[EventCountry "ESP"]
[SourceTitle "CBM 138 Extra"]
[Source "ChessBase"]
[SourceDate "2010.10.29"]
[SourceVersion "1"]
[SourceVersionDate "2010.10.29"]
[SourceQuality "1"]

1. c4 Nf6 2. Nc3 g6 3. g3 Bg7 4. Bg2 0-0 5. e4 e5 6. Nge2 Nc6 7. 0-0 d6 8. d3 Be6 9. h3 Ne7 10. Be3 c6 11. f4 Ne8 12. b3 exf4 13. Bxf4 d5 14. cxd5 cxd5 15. e5 f6 16. exf6 Nxf6 17. d4 Qd7 18. Kh2 1/2-1/2

[Event "Mislata op-A"]
[Site "Mislata"]
[Date "2010.08.18"]
[Round "4"]
[White "O'Neill Y Daneiko, Jose Antonio"]
[Black "Castella Garcia, Fausto"]
[Result "1-0"]
[WhiteElo "2102"]
[BlackElo "2334"]
[PlyCount "69"]
[EventDate "2010.08.16"]
[EventType "swiss"]
[EventRounds "9"]
[EventCountry "ESP"]
[SourceTitle "CBM 138 Extra"]
[Source "ChessBase"]
[SourceDate "2010.10.29"]
[SourceVersion "1"]
[SourceVersionDate "2010.10.29"]
[SourceQuality "1"]

1. e4 c5 2. Nf3 d6 3. d4 cxd4 4. Nxd4 Nf6 5. Nc3 g6 6. Be3 Bg7 7. f3 0-0 8. Bc4 Nc6 9. Bb3 Bd7 10. Qd2 Na5 11. h4 b5 12. Ndxb5 Qb8 13. Nd4 Rc8 14. Qd3 Qb4 15. a3 Qb7 16. g4 Nxb3 17. cxb3 Rab8 18. g5 Nh5 19. b4 a5 20. Rb1 axb4 21. Nd5 Be8 22. Nxb4 e5 23. Ne2 Bb5 24. Qxd6 Bxe2 25. Kxe2 Ng3+ 26. Kf2 Nxh1+ 27. Rxh1 Rd8 28. Qc5 Bf8 29. Qxe5 Bg7 30. Qf4 Bxb2 31. Nd5 Qa6 32. h5 Bg7 33. hxg6 fxg6 34. Ne7+ Kh8 35. Rxh7+ 1-0

[Event "Almansa op 5th"]
[Site "Almansa"]
[Date "2010.08.09"]
[Round "1"]
[White "O'Neill Y Daneiko, Jose Antonio"]
[Black "Fernandez Barrera, Victor"]
[Result "1-0"]
[WhiteElo "2102"]
[BlackElo "2326"]
[PlyCount "73"]
[EventDate "2010.08.09"]
[EventType "swiss"]
[EventRounds "9"]
[EventCountry "ESP"]
[SourceTitle "EXT 2011"]
[Source "ChessBase"]
[SourceDate "2010.11.26"]
[SourceVersion "1"]
[SourceVersionDate "2010.11.26"]
[SourceQuality "1"]

1. e4 c5 2. Nf3 Nc6 3. d4 cxd4 4. Nxd4 g6 5. c4 Bg7 6. Be3 Nh6 7. Be2 0-0 8. Nc3 f5 9. Qd2 f4 10. Bxf4 Bxd4 11. Bxh6 Bxf2+ 12. Kd1 Rf7 13. Rf1 d6 14. Rc1 Be6 15. Be3 Bxe3 16. Qxe3 Ne5 17. Rxf7 Bxf7 18. b3 Qa5 19. Rc2 Rc8 20. Kc1 a6 21. Kb2 b5 22. Nd5 Bxd5 23. exd5 bxc4 24. Bxc4 Rc5 25. g4 Qc7 26. Qxe5 dxe5 27. d6+ Kg7 28. dxc7 Rxc7 29. Bxa6 Rd7 30. a4 Kf6 31. a5 Ra7 32. Rc6+ Kg5 33. b4 e4 34. Bc8 e3 35. a6 Kf4 36. Bb7 e5 37. Rc4+ 1-0

[Event "Alicante op 2nd"]
[Site "Alicante"]
[Date "2009.12.30"]
[Round "4"]
[White "O'Neill Y Daneiko, Jose Antonio"]
[Black "Lacrosse, Marc"]
[Result "1/2-1/2"]
[WhiteElo "2084"]
[BlackElo "2228"]
[PlyCount "58"]
[EventDate "2009.12.27"]
[EventType "swiss"]
[EventRounds "9"]
[EventCountry "ESP"]
[SourceTitle "CBM 134 Extra"]
[Source "ChessBase"]
[SourceDate "2010.03.03"]
[SourceVersion "1"]
[SourceVersionDate "2010.03.03"]
[SourceQuality "1"]

1. e4 e5 2. Nf3 Nc6 3. c3 Nf6 4. d4 Nxe4 5. d5 Ne7 6. Nxe5 Ng6 7. Nxg6 hxg6 8. Bd3 Nf6 9. 0-0 Bc5 10. Re1+ Kf8 11. Bg5 Rh5 12. Bxf6 gxf6 13. c4 Kg7 14. Nc3 Qh8 15. h3 d6 16. Bf1 Bxh3 17. gxh3 Rxh3 18. Bg2 Qh4 19. Ne4 Rh8 20. Kf1 Rh1+ 21. Ke2 Rxe1+ 22. Qxe1 Re8 23. Kf1 Bd4 24. Qd2 Rxe4 25. Bxe4 Qxe4 26. Re1 Qh1+ 27. Ke2 Qe4+ 28. Kf1 Qh1+ 29. Ke2 Qe4+ 1/2-1/2

[Event "Almansa op-A 4th"]
[Site "Almansa"]
[Date "2009.08.11"]
[Round "2"]
[White "Garriga Sole, Jordi"]
[Black "O'Neill Y Daneiko, Jose Antonio"]
[Result "0-1"]
[WhiteElo "2246"]
[BlackElo "2071"]
[PlyCount "92"]
[EventDate "2009.08.10"]
[EventType "swiss"]
[EventRounds "9"]
[EventCountry "ESP"]
[SourceTitle "CBM 131 Extra"]
[Source "ChessBase"]
[SourceDate "2009.09.03"]
[SourceVersion "2"]
[SourceVersionDate "2009.09.16"]
[SourceQuality "1"]

1. c4 e5 2. Nc3 Nf6 3. Nf3 Nc6 4. g3 Bb4 5. Bg2 0-0 6. 0-0 e4 7. Ne1 Re8 8. f3 Bxc3 9. bxc3 d6 10. d3 exd3 11. exd3 b6 12. Nc2 h6 13. Rf2 Bb7 14. Qf1 Qe7 15. Bd2 Ne5 16. Re1 Qf8 17. Nd4 a6 18. Nf5 Ng6 19. Rfe2 Rxe2 20. Rxe2 Re8 21. Qe1 Ne5 22. Qf1 Ng6 23. g4 Rxe2 24. Qxe2 Qe8 25. Qxe8+ Nxe8 26. Kf2 Kf8 27. Bf1 Nf6 28. Be2 Nd7 29. h4 Ne7 30. Ng3 f6 31. Be3 Ng6 32. h5 Ne7 33. d4 Nc6 34. Bd3 Ne7 35. Ne2 Kf7 36. Nf4 Nf8 37. Bc2 Ne6 38. Nd3 Ng5 39. c5 bxc5 40. dxc5 Nxf3 41. Bb3+ Kf8 42. Nf4 Ng5 43. cxd6 cxd6 44. Bc1 Bc8 45. Ba3 Bxg4 46. Bxd6 Ne4+ 0-1

[Event "Valencia Autonomico Sur-A"]
[Site "Valencia"]
[Date "2009.01.10"]
[Round "1.4"]
[White "Amat Cerda, Andres"]
[Black "O'Neill Y Daneiko, Jose Antonio"]
[Result "0-1"]
[WhiteElo "1500"]
[BlackElo "2070"]
[PlyCount "62"]
[EventDate "2009.01.10"]
[EventType "team-tourn"]
[EventRounds "5"]
[EventCountry "ESP"]
[SourceTitle "EXT 2011"]
[Source "ChessBase"]
[SourceDate "2010.11.26"]
[SourceVersion "1"]
[SourceVersionDate "2010.11.26"]
[SourceQuality "1"]

1. e4 Nf6 2. e5 Nd5 3. c4 Nb6 4. c5 Nd5 5. d4 d6 6. Bc4 e6 7. Bxd5 exd5 8. b4 dxe5 9. dxe5 Nc6 10. a3 Nxe5 11. Ne2 g6 12. Bf4 Nc4 13. Qd4 f6 14. Nbc3 c6 15. 0-0 Bg7 16. Ra2 0-0 17. Ng3 f5 18. Qd3 Be6 19. Re2 Qd7 20. Rfe1 Rfe8 21. Nd1 Bf7 22. Ne3 b5 23. cxb6 Nxb6 24. Nd1 a5 25. Bd2 d4 26. Nf1 axb4 27. Bxb4 Nd5 28. Rxe8+ Rxe8 29. Rxe8+ Qxe8 30. Bc5 Nf4 31. Bxd4 Qd7 0-1

[Event "Mislata op 15th"]
[Site "Mislata"]
[Date "2007.08.26"]
[Round "5"]
[White "Gomez Jurado, Luis Alberto"]
[Black "O'Neill Y Daneiko, Jose Antonio"]
[Result "1-0"]
[WhiteElo "2301"]
[BlackElo "2047"]
[PlyCount "93"]
[EventDate "2007.08.22"]
[EventType "swiss"]
[EventRounds "9"]
[EventCountry "ESP"]
[SourceTitle "CBM 120 Extra"]
[Source "ChessBase"]
[SourceDate "2007.11.01"]
[SourceVersion "1"]
[SourceVersionDate "2007.11.01"]
[SourceQuality "1"]

1. d4 Nf6 2. Nf3 e6 3. c4 b6 4. a3 Bb7 5. Nc3 d5 6. cxd5 Nxd5 7. Qc2 Be7 8. e4 Nxc3 9. bxc3 0-0 10. Bd3 c5 11. 0-0 Qc7 12. Qe2 Nc6 13. d5 c4 14. Bxc4 Na5 15. Ba2 exd5 16. exd5 Bf6 17. Bb2 Rfd8 18. Rfd1 Rac8 19. Nd4 Bxd5 20. Nb5 Bc4 21. Rxd8+ Rxd8 22. Nxc7 Bxe2 23. Nd5 Bc4 24. Bxc4 Nxc4 25. Rd1 Rxd5 26. Rxd5 Nxb2 27. Rd7 g6 28. Rxa7 Bxc3 29. Kf1 Bd4 30. Ke2 Bc5 31. f3 h5 32. a4 Nc4 33. Kd3 Ne3 34. Rc7 Nd5 35. Rc8+ Kg7 36. Kc4 Ne3+ 37. Kb5 Nd5 38. a5 Ne7 39. Rd8 Nf5 40. a6 Nd4+ 41. Rxd4 Bxd4 42. a7 Bg1 43. h3 Bd4 44. a8Q Bc5 45. Qd5 Kf6 46. f4 Ke7 47. Kc6 1-0

[Event "Benidorm Tecnologico op"]
[Site "Benidorm"]
[Date "2007.??.??"]
[Round "5"]
[White "O'Neill Y Daneiko, Jose Antonio"]
[Black "Jordan Martinez, David"]
[Result "1/2-1/2"]
[WhiteElo "2045"]
[BlackElo "2145"]
[PlyCount "135"]
[EventDate "2007.11.??"]
[EventType "swiss"]
[EventRounds "7"]
[EventCountry "ESP"]
[SourceTitle "EXT 2010"]
[Source "ChessBase"]
[SourceDate "2010.11.25"]
[SourceVersion "1"]
[SourceVersionDate "2010.11.25"]
[SourceQuality "1"]

1. e4 c5 2. Nf3 d6 3. Nc3 Nf6 4. Bc4 Nc6 5. 0-0 e6 6. d3 Be7 7. Bf4 e5 8. Bd2 0-0 9. a4 Bd7 10. h3 a6 11. Nd5 Nxd5 12. Bxd5 Be6 13. c3 Qd7 14. a5 h6 15. Qa4 Rac8 16. Ra3 Rc7 17. Rfa1 Bf6 18. Rb3 Rcc8 19. Be3 Bd8 20. Rba3 f5 21. Qc4 Bxd5 22. Qxd5+ Rf7 23. Bd2 Bf6 24. Re1 f4 25. Rea1 h5 26. Be1 Ne7 27. Qb3 d5 28. Nd2 dxe4 29. dxe4 Rd8 30. Qc4 Nc6 31. f3 Qd3 32. Qxd3 Rxd3 33. Nc4 Rfd7 34. Kf1 Rd8 35. Nb6 Kf7 36. Nd5 Ne7 37. c4 Rxa3 38. Rxa3 Nc6 39. Bf2 Nd4 40. Bxd4 cxd4 41. Nxf6 gxf6 42. Rb3 Rd7 43. Ke2 f5 44. Rb6 fxe4 45. fxe4 Rc7 46. b3 h4 47. Kd3 Kf8 48. Rf6+ Rf7 49. Rf5 Rxf5 50. exf5 Kf7 51. b4 Kf6 52. c5 Kxf5 53. b5 e4+ 54. Kxd4 axb5 55. c6 bxc6 56. a6 c5+ 57. Kxc5 e3 58. a7 e2 59. a8Q e1Q 60. Qf8+ Kg6 61. Qd6+ Kf5 62. Qf8+ Kg5 63. Qg7+ Kf5 64. Qg4+ Ke5 65. Qg5+ Ke6 66. Qg6+ Kd7 67. Qd6+ Ke8 68. Qxf4 1/2-1/2

[Event "Benidorm Tecnologico op"]
[Site "Benidorm"]
[Date "2007.??.??"]
[Round "7"]
[White "O'Neill Y Daneiko, Jose Antonio"]
[Black "Ruiz Alonso, Carlos"]
[Result "1/2-1/2"]
[WhiteElo "2045"]
[BlackElo "1695"]
[PlyCount "55"]
[EventDate "2007.11.??"]
[EventType "swiss"]
[EventRounds "7"]
[EventCountry "ESP"]
[SourceTitle "EXT 2010"]
[Source "ChessBase"]
[SourceDate "2010.11.25"]
[SourceVersion "1"]
[SourceVersionDate "2010.11.25"]
[SourceQuality "1"]

1. e4 e5 2. Nf3 Nc6 3. Bb5 a6 4. Ba4 Nf6 5. 0-0 Bc5 6. c3 b5 7. Bb3 d6 8. a4 Bg4 9. h3 Bh5 10. d3 Rb8 11. axb5 axb5 12. Be3 Bxe3 13. fxe3 0-0 14. Nbd2 h6 15. Qe1 Bxf3 16. Nxf3 Ra8 17. Rxa8 Qxa8 18. Qg3 Ne7 19. Nh2 Kh8 20. Ng4 Neg8 21. Qh4 Qa7 22. d4 Nxg4 23. hxg4 c5 24. g5 c4 25. gxh6 Nxh6 26. Bd1 f6 27. Bh5 b4 28. Qh3 1/2-1/2